000 00238nam a22000857a 4500
008 160629b xxu||||| |||| 00| 0 eng d
100 _91337
_aSomerville, J., et al
245 _aSocial and Political Philosophy
260 _aN.Y
_bAnchor Books
_c1963
999 _c1099
_d1099